<?xml version="1.0" encoding="UTF-8"?>
<record
    xmlns:xsi="http://www.w3.org/2001/XMLSchema-instance"
    xsi:schemaLocation="http://www.loc.gov/MARC21/slim http://www.loc.gov/standards/marcxml/schema/MARC21slim.xsd"
    xmlns="http://www.loc.gov/MARC21/slim">

  <leader>00824nas a2200253 454500</leader>
  <controlfield tag="001">29959</controlfield>
  <controlfield tag="005">20260407193508.0</controlfield>
  <controlfield tag="008">260407s1974####ag###########|||spa#d</controlfield>
  <controlfield tag="003">AR-UNSa-BCEJYS</controlfield>
  <datafield tag="040" ind1=" " ind2=" ">
    <subfield code="a">AR-UNSa-BCEJYS</subfield>
    <subfield code="b">spa</subfield>
    <subfield code="c">AR-UNSa-BCEJYS</subfield>
  </datafield>
  <datafield tag="080" ind1=" " ind2=" ">
    <subfield code="a">338.45</subfield>
    <subfield code="x">Industria como sector econ&#xF3;mico. Producci&#xF3;n comercial, industrial </subfield>
  </datafield>
  <datafield tag="245" ind1="1" ind2="0">
    <subfield code="a">Japan&#xB4;s industrial and technical information</subfield>
  </datafield>
  <datafield tag="264" ind1=" " ind2="1">
    <subfield code="a">Tokyo :</subfield>
    <subfield code="b">JETRO</subfield>
    <subfield code="c">1974</subfield>
  </datafield>
  <datafield tag="310" ind1=" " ind2=" ">
    <subfield code="a">Frecuencia: </subfield>
  </datafield>
  <datafield tag="041" ind1=" " ind2=" ">
    <subfield code="a">spa</subfield>
  </datafield>
  <datafield tag="942" ind1=" " ind2=" ">
    <subfield code="c">SER</subfield>
  </datafield>
  <datafield tag="590" ind1=" " ind2=" ">
    <subfield code="a">niveau_biblio:s niveau_hierar:1</subfield>
  </datafield>
  <datafield tag="100" ind1="1" ind2=" ">
    <subfield code="a">Japan External Trade Organization (JETRO)</subfield>
  </datafield>
  <datafield tag="650" ind1=" " ind2=" ">
    <subfield code="a">Econom&#xED;a industrial</subfield>
  </datafield>
  <datafield tag="650" ind1=" " ind2=" ">
    <subfield code="a">Industria</subfield>
  </datafield>
  <datafield tag="650" ind1=" " ind2=" ">
    <subfield code="a">Jap&#xF3;n</subfield>
  </datafield>
  <datafield tag="650" ind1=" " ind2=" ">
    <subfield code="a">Tecnolog&#xED;a</subfield>
  </datafield>
  <datafield tag="856" ind1="4" ind2="1">
    <subfield code="u">https://biblioeco.unsa.edu.ar/pmb/images/revistas/Jetro2-r14488.jpg</subfield>
    <subfield code="y">Imagen de portada</subfield>
    <subfield code="q">image/jpeg</subfield>
  </datafield>
  <datafield tag="999" ind1=" " ind2=" ">
    <subfield code="c">8686</subfield>
    <subfield code="d">8686</subfield>
  </datafield>
  <datafield tag="952" ind1=" " ind2=" ">
    <subfield code="0">0</subfield>
    <subfield code="1">0</subfield>
    <subfield code="4">0</subfield>
    <subfield code="7">0</subfield>
    <subfield code="a">BCEJYS</subfield>
    <subfield code="b">BCEJYS</subfield>
    <subfield code="c">17</subfield>
    <subfield code="d">1977-03-01</subfield>
    <subfield code="h">Vol. 4, N&#xBA;12 - mar. 1977</subfield>
    <subfield code="l">0</subfield>
    <subfield code="o">H338.45 JAP v4.n12</subfield>
    <subfield code="p">R14535</subfield>
    <subfield code="r">2026-04-10 16:08:53</subfield>
    <subfield code="w">2026-04-10</subfield>
    <subfield code="y">RN</subfield>
  </datafield>
  <datafield tag="952" ind1=" " ind2=" ">
    <subfield code="0">0</subfield>
    <subfield code="1">0</subfield>
    <subfield code="4">0</subfield>
    <subfield code="7">0</subfield>
    <subfield code="a">BCEJYS</subfield>
    <subfield code="b">BCEJYS</subfield>
    <subfield code="c">17</subfield>
    <subfield code="d">1977-02-01</subfield>
    <subfield code="h">Vol. 4, N&#xBA;11 - feb. 1977</subfield>
    <subfield code="l">0</subfield>
    <subfield code="o">H338.45 JAP v4.n11</subfield>
    <subfield code="p">R14534</subfield>
    <subfield code="r">2026-04-10 16:08:53</subfield>
    <subfield code="w">2026-04-10</subfield>
    <subfield code="y">RN</subfield>
  </datafield>
  <datafield tag="952" ind1=" " ind2=" ">
    <subfield code="0">0</subfield>
    <subfield code="1">0</subfield>
    <subfield code="4">0</subfield>
    <subfield code="7">0</subfield>
    <subfield code="a">BCEJYS</subfield>
    <subfield code="b">BCEJYS</subfield>
    <subfield code="c">17</subfield>
    <subfield code="d">1977-01-01</subfield>
    <subfield code="h">Vol. 4, N&#xBA;10 - ene. 1977</subfield>
    <subfield code="l">0</subfield>
    <subfield code="o">H338.45 JAP v4.n10</subfield>
    <subfield code="p">R14533</subfield>
    <subfield code="r">2026-04-10 16:08:53</subfield>
    <subfield code="w">2026-04-10</subfield>
    <subfield code="y">RN</subfield>
  </datafield>
  <datafield tag="952" ind1=" " ind2=" ">
    <subfield code="0">0</subfield>
    <subfield code="1">0</subfield>
    <subfield code="4">0</subfield>
    <subfield code="7">0</subfield>
    <subfield code="a">BCEJYS</subfield>
    <subfield code="b">BCEJYS</subfield>
    <subfield code="c">17</subfield>
    <subfield code="d">1976-12-01</subfield>
    <subfield code="h">Vol. 4, N&#xBA;9 - dic. 1976</subfield>
    <subfield code="l">0</subfield>
    <subfield code="o">H338.45 JAP v4.n9</subfield>
    <subfield code="p">R14532</subfield>
    <subfield code="r">2026-04-10 16:08:53</subfield>
    <subfield code="w">2026-04-10</subfield>
    <subfield code="y">RN</subfield>
  </datafield>
  <datafield tag="952" ind1=" " ind2=" ">
    <subfield code="0">0</subfield>
    <subfield code="1">0</subfield>
    <subfield code="4">0</subfield>
    <subfield code="7">0</subfield>
    <subfield code="a">BCEJYS</subfield>
    <subfield code="b">BCEJYS</subfield>
    <subfield code="c">17</subfield>
    <subfield code="d">1976-11-01</subfield>
    <subfield code="h">Vol. 4, N&#xBA;8 - nov. 1976</subfield>
    <subfield code="l">0</subfield>
    <subfield code="o">H338.45 JAP v4.n8</subfield>
    <subfield code="p">R14531</subfield>
    <subfield code="r">2026-04-10 16:08:53</subfield>
    <subfield code="w">2026-04-10</subfield>
    <subfield code="y">RN</subfield>
  </datafield>
  <datafield tag="952" ind1=" " ind2=" ">
    <subfield code="0">0</subfield>
    <subfield code="1">0</subfield>
    <subfield code="4">0</subfield>
    <subfield code="7">0</subfield>
    <subfield code="a">BCEJYS</subfield>
    <subfield code="b">BCEJYS</subfield>
    <subfield code="c">17</subfield>
    <subfield code="d">1976-10-01</subfield>
    <subfield code="h">Vol. 4, N&#xBA;7 - oct. 1976</subfield>
    <subfield code="l">0</subfield>
    <subfield code="o">H338.45 JAP v4.n7</subfield>
    <subfield code="p">R14530</subfield>
    <subfield code="r">2026-04-10 16:08:53</subfield>
    <subfield code="w">2026-04-10</subfield>
    <subfield code="y">RN</subfield>
  </datafield>
  <datafield tag="952" ind1=" " ind2=" ">
    <subfield code="0">0</subfield>
    <subfield code="1">0</subfield>
    <subfield code="4">0</subfield>
    <subfield code="7">0</subfield>
    <subfield code="a">BCEJYS</subfield>
    <subfield code="b">BCEJYS</subfield>
    <subfield code="c">17</subfield>
    <subfield code="d">1976-09-01</subfield>
    <subfield code="h">Vol. 4, N&#xBA;6 - sep. 1976</subfield>
    <subfield code="l">0</subfield>
    <subfield code="o">H338.45 JAP v4.n6</subfield>
    <subfield code="p">R14529</subfield>
    <subfield code="r">2026-04-10 16:08:53</subfield>
    <subfield code="w">2026-04-10</subfield>
    <subfield code="y">RN</subfield>
  </datafield>
  <datafield tag="952" ind1=" " ind2=" ">
    <subfield code="0">0</subfield>
    <subfield code="1">0</subfield>
    <subfield code="4">0</subfield>
    <subfield code="7">0</subfield>
    <subfield code="a">BCEJYS</subfield>
    <subfield code="b">BCEJYS</subfield>
    <subfield code="c">17</subfield>
    <subfield code="d">1976-08-01</subfield>
    <subfield code="h">Vol. 4, N&#xBA;5 - ago. 1976</subfield>
    <subfield code="l">0</subfield>
    <subfield code="o">H338.45 JAP v4.n5</subfield>
    <subfield code="p">R14528</subfield>
    <subfield code="r">2026-04-10 16:08:53</subfield>
    <subfield code="w">2026-04-10</subfield>
    <subfield code="y">RN</subfield>
  </datafield>
  <datafield tag="952" ind1=" " ind2=" ">
    <subfield code="0">0</subfield>
    <subfield code="1">0</subfield>
    <subfield code="4">0</subfield>
    <subfield code="7">0</subfield>
    <subfield code="a">BCEJYS</subfield>
    <subfield code="b">BCEJYS</subfield>
    <subfield code="c">17</subfield>
    <subfield code="d">1976-07-01</subfield>
    <subfield code="h">Vol. 4, N&#xBA;4 - jul. 1976</subfield>
    <subfield code="l">0</subfield>
    <subfield code="o">H338.45 JAP v4.n4</subfield>
    <subfield code="p">R14527</subfield>
    <subfield code="r">2026-04-10 16:08:53</subfield>
    <subfield code="w">2026-04-10</subfield>
    <subfield code="y">RN</subfield>
  </datafield>
  <datafield tag="952" ind1=" " ind2=" ">
    <subfield code="0">0</subfield>
    <subfield code="1">0</subfield>
    <subfield code="4">0</subfield>
    <subfield code="7">0</subfield>
    <subfield code="a">BCEJYS</subfield>
    <subfield code="b">BCEJYS</subfield>
    <subfield code="c">17</subfield>
    <subfield code="d">1976-06-01</subfield>
    <subfield code="h">Vol. 4, N&#xBA;3 - jun. 1976</subfield>
    <subfield code="l">0</subfield>
    <subfield code="o">H338.45 JAP v4.n3</subfield>
    <subfield code="p">R14526</subfield>
    <subfield code="r">2026-04-10 16:08:53</subfield>
    <subfield code="w">2026-04-10</subfield>
    <subfield code="y">RN</subfield>
  </datafield>
  <datafield tag="952" ind1=" " ind2=" ">
    <subfield code="0">0</subfield>
    <subfield code="1">0</subfield>
    <subfield code="4">0</subfield>
    <subfield code="7">0</subfield>
    <subfield code="a">BCEJYS</subfield>
    <subfield code="b">BCEJYS</subfield>
    <subfield code="c">17</subfield>
    <subfield code="d">1976-05-01</subfield>
    <subfield code="h">Vol. 4, N&#xBA;2 - mayo 1976</subfield>
    <subfield code="l">0</subfield>
    <subfield code="o">H338.45 JAP v4.n2</subfield>
    <subfield code="p">R14525</subfield>
    <subfield code="r">2026-04-10 16:08:53</subfield>
    <subfield code="w">2026-04-10</subfield>
    <subfield code="y">RN</subfield>
  </datafield>
  <datafield tag="952" ind1=" " ind2=" ">
    <subfield code="0">0</subfield>
    <subfield code="1">0</subfield>
    <subfield code="4">0</subfield>
    <subfield code="7">0</subfield>
    <subfield code="a">BCEJYS</subfield>
    <subfield code="b">BCEJYS</subfield>
    <subfield code="c">17</subfield>
    <subfield code="d">1976-04-01</subfield>
    <subfield code="h">Vol. 4, N&#xBA;1 - abr. 1976</subfield>
    <subfield code="l">0</subfield>
    <subfield code="o">H338.45 JAP v4.n1</subfield>
    <subfield code="p">R14524</subfield>
    <subfield code="r">2026-04-10 16:08:53</subfield>
    <subfield code="w">2026-04-10</subfield>
    <subfield code="y">RN</subfield>
  </datafield>
  <datafield tag="952" ind1=" " ind2=" ">
    <subfield code="0">0</subfield>
    <subfield code="1">0</subfield>
    <subfield code="4">0</subfield>
    <subfield code="7">0</subfield>
    <subfield code="a">BCEJYS</subfield>
    <subfield code="b">BCEJYS</subfield>
    <subfield code="c">17</subfield>
    <subfield code="d">1976-03-01</subfield>
    <subfield code="h">Vol. 3, N&#xBA;12 - mar. 1976</subfield>
    <subfield code="l">0</subfield>
    <subfield code="o">H338.45 JAP v3.n12</subfield>
    <subfield code="p">R14572</subfield>
    <subfield code="r">2026-04-10 16:08:53</subfield>
    <subfield code="w">2026-04-10</subfield>
    <subfield code="y">RN</subfield>
  </datafield>
  <datafield tag="952" ind1=" " ind2=" ">
    <subfield code="0">0</subfield>
    <subfield code="1">0</subfield>
    <subfield code="4">0</subfield>
    <subfield code="7">0</subfield>
    <subfield code="a">BCEJYS</subfield>
    <subfield code="b">BCEJYS</subfield>
    <subfield code="c">17</subfield>
    <subfield code="d">1976-02-01</subfield>
    <subfield code="h">Vol. 3, N&#xBA;11 - feb. 1976</subfield>
    <subfield code="l">0</subfield>
    <subfield code="o">H338.45 JAP v3.n11</subfield>
    <subfield code="p">R14523</subfield>
    <subfield code="r">2026-04-10 16:08:53</subfield>
    <subfield code="w">2026-04-10</subfield>
    <subfield code="y">RN</subfield>
  </datafield>
  <datafield tag="952" ind1=" " ind2=" ">
    <subfield code="0">0</subfield>
    <subfield code="1">0</subfield>
    <subfield code="4">0</subfield>
    <subfield code="7">0</subfield>
    <subfield code="a">BCEJYS</subfield>
    <subfield code="b">BCEJYS</subfield>
    <subfield code="c">17</subfield>
    <subfield code="d">1975-12-01</subfield>
    <subfield code="h">Vol. 3, N&#xBA;9 - dic. 1975</subfield>
    <subfield code="l">0</subfield>
    <subfield code="o">H338.45 JAP v3.n9</subfield>
    <subfield code="p">R14571</subfield>
    <subfield code="r">2026-04-10 16:08:53</subfield>
    <subfield code="w">2026-04-10</subfield>
    <subfield code="y">RN</subfield>
  </datafield>
  <datafield tag="952" ind1=" " ind2=" ">
    <subfield code="0">0</subfield>
    <subfield code="1">0</subfield>
    <subfield code="4">0</subfield>
    <subfield code="7">0</subfield>
    <subfield code="a">BCEJYS</subfield>
    <subfield code="b">BCEJYS</subfield>
    <subfield code="c">17</subfield>
    <subfield code="d">1975-11-01</subfield>
    <subfield code="h">Vol. 3, N&#xBA;8 - nov. 1975</subfield>
    <subfield code="l">0</subfield>
    <subfield code="o">H338.45 JAP v3.n8</subfield>
    <subfield code="p">R14570</subfield>
    <subfield code="r">2026-04-10 16:08:53</subfield>
    <subfield code="w">2026-04-10</subfield>
    <subfield code="y">RN</subfield>
  </datafield>
  <datafield tag="952" ind1=" " ind2=" ">
    <subfield code="0">0</subfield>
    <subfield code="1">0</subfield>
    <subfield code="4">0</subfield>
    <subfield code="7">0</subfield>
    <subfield code="a">BCEJYS</subfield>
    <subfield code="b">BCEJYS</subfield>
    <subfield code="c">17</subfield>
    <subfield code="d">1975-10-01</subfield>
    <subfield code="h">Vol. 3, N&#xBA;7 - oct. 1975</subfield>
    <subfield code="l">0</subfield>
    <subfield code="o">H338.45 JAP v3.n7</subfield>
    <subfield code="p">R14569</subfield>
    <subfield code="r">2026-04-10 16:08:53</subfield>
    <subfield code="w">2026-04-10</subfield>
    <subfield code="y">RN</subfield>
  </datafield>
  <datafield tag="952" ind1=" " ind2=" ">
    <subfield code="0">0</subfield>
    <subfield code="1">0</subfield>
    <subfield code="4">0</subfield>
    <subfield code="7">0</subfield>
    <subfield code="a">BCEJYS</subfield>
    <subfield code="b">BCEJYS</subfield>
    <subfield code="c">17</subfield>
    <subfield code="d">1975-09-01</subfield>
    <subfield code="h">Vol. 3, N&#xBA;6 - sep. 1975</subfield>
    <subfield code="l">0</subfield>
    <subfield code="o">H338.45 JAP v3.n6</subfield>
    <subfield code="p">R14522</subfield>
    <subfield code="r">2026-04-10 16:08:53</subfield>
    <subfield code="w">2026-04-10</subfield>
    <subfield code="y">RN</subfield>
  </datafield>
  <datafield tag="952" ind1=" " ind2=" ">
    <subfield code="0">0</subfield>
    <subfield code="1">0</subfield>
    <subfield code="4">0</subfield>
    <subfield code="7">0</subfield>
    <subfield code="a">BCEJYS</subfield>
    <subfield code="b">BCEJYS</subfield>
    <subfield code="c">17</subfield>
    <subfield code="d">1975-08-01</subfield>
    <subfield code="h">Vol. 3, N&#xBA;5 - ago. 1975</subfield>
    <subfield code="l">0</subfield>
    <subfield code="o">H338.45 JAP v3.n5</subfield>
    <subfield code="p">R14521</subfield>
    <subfield code="r">2026-04-10 16:08:53</subfield>
    <subfield code="w">2026-04-10</subfield>
    <subfield code="y">RN</subfield>
  </datafield>
  <datafield tag="952" ind1=" " ind2=" ">
    <subfield code="0">0</subfield>
    <subfield code="1">0</subfield>
    <subfield code="4">0</subfield>
    <subfield code="7">0</subfield>
    <subfield code="a">BCEJYS</subfield>
    <subfield code="b">BCEJYS</subfield>
    <subfield code="c">17</subfield>
    <subfield code="d">1975-07-01</subfield>
    <subfield code="h">Vol. 3, N&#xBA;4 - jul. 1975</subfield>
    <subfield code="l">0</subfield>
    <subfield code="o">H338.45 JAP v3.n4</subfield>
    <subfield code="p">R14520</subfield>
    <subfield code="r">2026-04-10 16:08:53</subfield>
    <subfield code="w">2026-04-10</subfield>
    <subfield code="y">RN</subfield>
  </datafield>
  <datafield tag="952" ind1=" " ind2=" ">
    <subfield code="0">0</subfield>
    <subfield code="1">0</subfield>
    <subfield code="4">0</subfield>
    <subfield code="7">0</subfield>
    <subfield code="a">BCEJYS</subfield>
    <subfield code="b">BCEJYS</subfield>
    <subfield code="c">17</subfield>
    <subfield code="d">1975-06-01</subfield>
    <subfield code="h">Vol. 3, N&#xBA;3 - jun. 1975</subfield>
    <subfield code="l">0</subfield>
    <subfield code="o">H338.45 JAP v3.n3</subfield>
    <subfield code="p">R14519</subfield>
    <subfield code="r">2026-04-10 16:08:53</subfield>
    <subfield code="w">2026-04-10</subfield>
    <subfield code="y">RN</subfield>
  </datafield>
  <datafield tag="952" ind1=" " ind2=" ">
    <subfield code="0">0</subfield>
    <subfield code="1">0</subfield>
    <subfield code="4">0</subfield>
    <subfield code="7">0</subfield>
    <subfield code="a">BCEJYS</subfield>
    <subfield code="b">BCEJYS</subfield>
    <subfield code="c">17</subfield>
    <subfield code="d">1975-05-01</subfield>
    <subfield code="h">Vol. 3, N&#xBA;2 - mayo 1975</subfield>
    <subfield code="l">0</subfield>
    <subfield code="o">H338.45 JAP v3.n2</subfield>
    <subfield code="p">R14518</subfield>
    <subfield code="r">2026-04-10 16:08:53</subfield>
    <subfield code="w">2026-04-10</subfield>
    <subfield code="y">RN</subfield>
  </datafield>
  <datafield tag="952" ind1=" " ind2=" ">
    <subfield code="0">0</subfield>
    <subfield code="1">0</subfield>
    <subfield code="4">0</subfield>
    <subfield code="7">0</subfield>
    <subfield code="a">BCEJYS</subfield>
    <subfield code="b">BCEJYS</subfield>
    <subfield code="c">17</subfield>
    <subfield code="d">1975-04-01</subfield>
    <subfield code="h">Vol. 3, N&#xBA;1 - abr. 1975</subfield>
    <subfield code="l">0</subfield>
    <subfield code="o">H338.45 JAP v3.n1</subfield>
    <subfield code="p">R14517</subfield>
    <subfield code="r">2026-04-10 16:08:53</subfield>
    <subfield code="w">2026-04-10</subfield>
    <subfield code="y">RN</subfield>
  </datafield>
  <datafield tag="952" ind1=" " ind2=" ">
    <subfield code="0">0</subfield>
    <subfield code="1">0</subfield>
    <subfield code="4">0</subfield>
    <subfield code="7">0</subfield>
    <subfield code="a">BCEJYS</subfield>
    <subfield code="b">BCEJYS</subfield>
    <subfield code="c">17</subfield>
    <subfield code="d">1975-03-01</subfield>
    <subfield code="h">Vol. 2, N&#xBA;12 - mar. 1975</subfield>
    <subfield code="l">0</subfield>
    <subfield code="o">H338.45 JAP v2.n12</subfield>
    <subfield code="p">R14516</subfield>
    <subfield code="r">2026-04-10 16:08:53</subfield>
    <subfield code="w">2026-04-10</subfield>
    <subfield code="y">RN</subfield>
  </datafield>
  <datafield tag="952" ind1=" " ind2=" ">
    <subfield code="0">0</subfield>
    <subfield code="1">0</subfield>
    <subfield code="4">0</subfield>
    <subfield code="7">0</subfield>
    <subfield code="a">BCEJYS</subfield>
    <subfield code="b">BCEJYS</subfield>
    <subfield code="c">17</subfield>
    <subfield code="d">1975-02-01</subfield>
    <subfield code="h">Vol. 2, N&#xBA;11 - feb. 1975</subfield>
    <subfield code="l">0</subfield>
    <subfield code="o">H338.45 JAP v2.n11</subfield>
    <subfield code="p">R14515</subfield>
    <subfield code="r">2026-04-10 16:08:53</subfield>
    <subfield code="w">2026-04-10</subfield>
    <subfield code="y">RN</subfield>
  </datafield>
  <datafield tag="952" ind1=" " ind2=" ">
    <subfield code="0">0</subfield>
    <subfield code="1">0</subfield>
    <subfield code="4">0</subfield>
    <subfield code="7">0</subfield>
    <subfield code="a">BCEJYS</subfield>
    <subfield code="b">BCEJYS</subfield>
    <subfield code="c">17</subfield>
    <subfield code="d">1975-01-01</subfield>
    <subfield code="h">Vol. 2, N&#xBA;10 - ene. 1975</subfield>
    <subfield code="l">0</subfield>
    <subfield code="o">H338.45 JAP v2.n10</subfield>
    <subfield code="p">R14514</subfield>
    <subfield code="r">2026-04-10 16:08:53</subfield>
    <subfield code="w">2026-04-10</subfield>
    <subfield code="y">RN</subfield>
  </datafield>
  <datafield tag="952" ind1=" " ind2=" ">
    <subfield code="0">0</subfield>
    <subfield code="1">0</subfield>
    <subfield code="4">0</subfield>
    <subfield code="7">0</subfield>
    <subfield code="a">BCEJYS</subfield>
    <subfield code="b">BCEJYS</subfield>
    <subfield code="c">17</subfield>
    <subfield code="d">1974-12-01</subfield>
    <subfield code="h">Vol. 2, N&#xBA;9 - dic. 1974</subfield>
    <subfield code="l">0</subfield>
    <subfield code="o">H338.45 JAP v2.n9</subfield>
    <subfield code="p">R14513</subfield>
    <subfield code="r">2026-04-10 16:08:53</subfield>
    <subfield code="w">2026-04-10</subfield>
    <subfield code="y">RN</subfield>
  </datafield>
  <datafield tag="952" ind1=" " ind2=" ">
    <subfield code="0">0</subfield>
    <subfield code="1">0</subfield>
    <subfield code="4">0</subfield>
    <subfield code="7">0</subfield>
    <subfield code="a">BCEJYS</subfield>
    <subfield code="b">BCEJYS</subfield>
    <subfield code="c">17</subfield>
    <subfield code="d">1974-11-01</subfield>
    <subfield code="h">Vol. 2, N&#xBA;8 - nov. 1974</subfield>
    <subfield code="l">0</subfield>
    <subfield code="o">H338.45 JAP v2.n8</subfield>
    <subfield code="p">R14512</subfield>
    <subfield code="r">2026-04-10 16:08:53</subfield>
    <subfield code="w">2026-04-10</subfield>
    <subfield code="y">RN</subfield>
  </datafield>
  <datafield tag="952" ind1=" " ind2=" ">
    <subfield code="0">0</subfield>
    <subfield code="1">0</subfield>
    <subfield code="4">0</subfield>
    <subfield code="7">0</subfield>
    <subfield code="a">BCEJYS</subfield>
    <subfield code="b">BCEJYS</subfield>
    <subfield code="c">17</subfield>
    <subfield code="d">1974-10-01</subfield>
    <subfield code="h">Vol. 2, N&#xBA;7 - oct. 1974</subfield>
    <subfield code="l">0</subfield>
    <subfield code="o">H338.45 JAP v2.n7</subfield>
    <subfield code="p">R14511</subfield>
    <subfield code="r">2026-04-10 16:08:53</subfield>
    <subfield code="w">2026-04-10</subfield>
    <subfield code="y">RN</subfield>
  </datafield>
  <datafield tag="952" ind1=" " ind2=" ">
    <subfield code="0">0</subfield>
    <subfield code="1">0</subfield>
    <subfield code="4">0</subfield>
    <subfield code="7">0</subfield>
    <subfield code="a">BCEJYS</subfield>
    <subfield code="b">BCEJYS</subfield>
    <subfield code="c">17</subfield>
    <subfield code="d">1974-09-01</subfield>
    <subfield code="h">Vol. 2, N&#xBA;6 - sep. 1974</subfield>
    <subfield code="l">0</subfield>
    <subfield code="o">H338.45 JAP v2.n6</subfield>
    <subfield code="p">R14510</subfield>
    <subfield code="r">2026-04-10 16:08:53</subfield>
    <subfield code="w">2026-04-10</subfield>
    <subfield code="y">RN</subfield>
  </datafield>
  <datafield tag="952" ind1=" " ind2=" ">
    <subfield code="0">0</subfield>
    <subfield code="1">0</subfield>
    <subfield code="4">0</subfield>
    <subfield code="7">0</subfield>
    <subfield code="a">BCEJYS</subfield>
    <subfield code="b">BCEJYS</subfield>
    <subfield code="c">17</subfield>
    <subfield code="d">1974-08-01</subfield>
    <subfield code="h">Vol. 2, N&#xBA;5 - ago. 1974</subfield>
    <subfield code="l">0</subfield>
    <subfield code="o">H338.45 JAP v2.n5</subfield>
    <subfield code="p">R14509</subfield>
    <subfield code="r">2026-04-10 16:08:53</subfield>
    <subfield code="w">2026-04-10</subfield>
    <subfield code="y">RN</subfield>
  </datafield>
  <datafield tag="952" ind1=" " ind2=" ">
    <subfield code="0">0</subfield>
    <subfield code="1">0</subfield>
    <subfield code="4">0</subfield>
    <subfield code="7">0</subfield>
    <subfield code="a">BCEJYS</subfield>
    <subfield code="b">BCEJYS</subfield>
    <subfield code="c">17</subfield>
    <subfield code="d">1974-07-01</subfield>
    <subfield code="h">Vol. 2, N&#xBA;4 - jul. 1974</subfield>
    <subfield code="l">0</subfield>
    <subfield code="o">H338.45 JAP v2.n4</subfield>
    <subfield code="p">R14508</subfield>
    <subfield code="r">2026-04-10 16:08:53</subfield>
    <subfield code="w">2026-04-10</subfield>
    <subfield code="y">RN</subfield>
  </datafield>
  <datafield tag="952" ind1=" " ind2=" ">
    <subfield code="0">0</subfield>
    <subfield code="1">0</subfield>
    <subfield code="4">0</subfield>
    <subfield code="7">0</subfield>
    <subfield code="a">BCEJYS</subfield>
    <subfield code="b">BCEJYS</subfield>
    <subfield code="c">17</subfield>
    <subfield code="d">1974-06-01</subfield>
    <subfield code="h">Vol. 2, N&#xBA;3 - jun. 1974</subfield>
    <subfield code="l">0</subfield>
    <subfield code="o">H338.45 JAP v2.n3</subfield>
    <subfield code="p">R14507</subfield>
    <subfield code="r">2026-04-10 16:08:53</subfield>
    <subfield code="w">2026-04-10</subfield>
    <subfield code="y">RN</subfield>
  </datafield>
  <datafield tag="952" ind1=" " ind2=" ">
    <subfield code="0">0</subfield>
    <subfield code="1">0</subfield>
    <subfield code="4">0</subfield>
    <subfield code="7">0</subfield>
    <subfield code="a">BCEJYS</subfield>
    <subfield code="b">BCEJYS</subfield>
    <subfield code="c">17</subfield>
    <subfield code="d">1974-05-01</subfield>
    <subfield code="h">Vol. 2, N&#xBA;2 - mayo 1974</subfield>
    <subfield code="l">0</subfield>
    <subfield code="o">H338.45 JAP v2.n2</subfield>
    <subfield code="p">R14506</subfield>
    <subfield code="r">2026-04-10 16:08:53</subfield>
    <subfield code="w">2026-04-10</subfield>
    <subfield code="y">RN</subfield>
  </datafield>
  <datafield tag="952" ind1=" " ind2=" ">
    <subfield code="0">0</subfield>
    <subfield code="1">0</subfield>
    <subfield code="4">0</subfield>
    <subfield code="7">0</subfield>
    <subfield code="a">BCEJYS</subfield>
    <subfield code="b">BCEJYS</subfield>
    <subfield code="c">17</subfield>
    <subfield code="d">1974-04-01</subfield>
    <subfield code="h">Vol. 2, N&#xBA; 1 - abr. 1974</subfield>
    <subfield code="l">0</subfield>
    <subfield code="o">H338.45 JAP v2.n1</subfield>
    <subfield code="p">R14488</subfield>
    <subfield code="r">2026-04-10 16:08:53</subfield>
    <subfield code="w">2026-04-10</subfield>
    <subfield code="y">RN</subfield>
  </datafield>
</record>
